000 00308nam a22001337a 4500
008 170207b xxu||||| |||| 00| 0 eng d
020 _a9780721694092
041 _aeng
080 _a61
100 _a4
101 _aSHM
245 _aEVIDENCE BASED PRACTICE ANESTHESIOLOGY
_cLEE.A.FLEISHER
942 _2udc
_cBK
999 _c4800
_d4800